书目信息 |
| 题名: |
卫星导航定位系统原理与应用
|
|
| 作者: | 王博 编著 | |
| 分册: | ||
| 出版信息: | 北京 科学出版社 2018.08 |
|
| 页数: | 235页 | |
| 开本: | 24cm | |
| 丛书名: | ||
| 单 册: | ||
| 中图分类: | P228.4 | |
| 科图分类: | ||
| 主题词: | 卫星导航--wei xing dao hang--全球定位系统 | |
| 电子资源: | ||
| ISBN: | 978-7-03-057213-4 | |
| 000 | 01031nam0 2200253 450 | |
| 001 | CAL 0120182561215 | |
| 005 | 20180918131702.5 | |
| 010 | @a978-7-03-057213-4@dCNY98.00 | |
| 100 | @a20180917d2018 em y0chiy50 ea | |
| 101 | 0 | @achi |
| 102 | @aCN@b110000 | |
| 105 | @aak a 000yy | |
| 106 | @ar | |
| 200 | 1 | @a卫星导航定位系统原理与应用@Awei xing dao hang ding wei xi tong yuan li yu ying yong@f王博编著@Fwang bo bian zhu |
| 210 | @a北京@c科学出版社@d2018.08 | |
| 215 | @a235页@c图@d24cm | |
| 320 | @a有书目 | |
| 330 | @a本书主要介绍了卫星导航定位系统的基本原理和市场应用, 从卫星导航系统的发展、坐标与时间参考系统、各国现有的全球和区域卫星导航系统、卫星导航系统的定位原理、误差分析和定位方法等方面的主要研究成果。并结合我国北斗卫星导航系统的建设和应用推广, 针对卫星导航与位置服务应用等方面阐述当前的规模化市场应用。 | |
| 586 | @a | |
| 606 | 0 | @a卫星导航@Awei xing dao hang@x全球定位系统 |
| 690 | @aP228.4@v5 | |
| 701 | 0 | @a王博@Awang bo@4编著 |
| 801 | 0 | @aCN@c20180917 |
| 905 | @a河南城建学院图书馆@dP228.4@eW116@f2 | |
| 卫星导航定位系统原理与应用/王博编著.-北京:科学出版社,2018.08 |
| 235页:图;24cm |
| ISBN 978-7-03-057213-4:CNY98.00 |
| 本书主要介绍了卫星导航定位系统的基本原理和市场应用, 从卫星导航系统的发展、坐标与时间参考系统、各国现有的全球和区域卫星导航系统、卫星导航系统的定位原理、误差分析和定位方法等方面的主要研究成果。并结合我国北斗卫星导航系统的建设和应用推广, 针对卫星导航与位置服务应用等方面阐述当前的规模化市场应用。 |
| ● |
| 相关链接 |
|
|
|
正题名:卫星导航定位系统原理与应用
索取号:P228.4/W116
 
预约/预借
| 序号 | 登录号 | 条形码 | 馆藏地/架位号 | 状态 | 备注 |
| 1 | 1407971 | 214079717 | 自科库401/401自科库 122排1列6层/ [索取号:P228.4/W116] | 在馆 | |
| 2 | 1407972 | 214079726 | 自科库401/401自科库 122排1列6层/ [索取号:P228.4/W116] | 在馆 |